00535nam a2200181Ia 4500008004100000020002300041040001900064041001200083082002800095100002300123245007700146250001100223260003900234300001800273504001900291650002200310850002100332131103s9999 xx 000 0 und d a8131703045cRs 340 aLoreto College aEnglish a005.43/STAbLCLIB/46724 aStallings, William aOperating systems b Internals and design principles cWilliam Stallings a5th ed aDelhibPearson Prentice Hallc2005 a818p c 25 cm aIncludes index aOperating Systems aLCLIB/005.43/STA